00745nam a2200229Ia 450000100060000000300090000600800410001504000130005604000130006904100130008210000200009510000290011524501030014424500590024725000110030626000120031726000130032926000490034230000570039165000360044865000310048418754IT-RoPAU130308s9999 xx 000 0 und d aIT-RoPAU cIT-RoPAU aITALIANO aBallo Francesco gCodice Aut. SPICS: 5777 aCimino sta a Siegel come Siegel sta a Walsh, come Walsh sta a Griffith, come Griffith sta a Porter bMostra internazionale del Cinema libero (La)-1960/1980 a1a ed. aVENEZIA bMarsilio c1981 [1° Ed.:1981 - Ed.Ling.Originale:1981] a"7 p. (prefazione: no ; testo: 7 [pagine: 297-303])" aMANIFESTAZIONI CINEMATOGRAFICHE eCodice materia Spics: 6815